EPIC The Musical - The Horse and the Infant - Statistics

General Stats
  • This quiz has been taken 238 times
  • The average score is 366 of 446
Answer Stats
Hint Answer % Correct
Zeus: A
99%
a
99%
brothers
98%
my
98%
listen
97%
the
97%
Zeus: The
97%
to
97%
make
96%
Odysseus: Make
96%
we
96%
of
95%
an
94%
closely
94%
I
94%
kill
94%
will
94%
you
94%
You
94%
Odysseus: Alright
93%
and
93%
What
93%
Do
93%
do
93%
he
93%
no
93%
on
93%
Tonight
93%
us
93%
what
93%
What
93%
who
93%
Who
93%
years
93%
your
93%
Your
93%
be
92%
for?
92%
for
92%
now
92%
pay
92%
Gods: | Odysseus: Penelope
92%
they
91%
Think
91%
think
91%
Trojans
91%
Fight
90%
fight
90%
her
90%
me
90%
One
90%
one
90%
Ten
90%
by
89%
children
89%
Hector
89%
say
89%
Odysseus: Say
89%
slowly
89%
Telemachus
89%
that
89%
that?
89%
war
89%
we'll
89%
well
89%
Soldiers: Yes
89%
avenge
88%
But
88%
live
88%
Sir!
88%
wives
88%
here
87%
killed
87%
slay
87%
where
87%
Ajax
86%
charge
86%
families
86%
lead
86%
wonder
86%
as
85%
grow
85%
| Odysseus: I'm
85%
Little
85%
ones
85%
see
85%
you'll
85%
you're
85%
you've
85%
again
84%
back
84%
is
84%
stay
84%
them
84%
at
83%
been
83%
father
83%
guard
83%
don't
82%
Odysseus: Find
82%
find
82%
Helen
82%
protect
81%
still
81%
any
80%
Can
80%
can
80%
come
80%
know
80%
Know
80%
ready
80%
son
80%
vision
80%
pride
79%
yet
79%
attack
78%
Odysseus: ATTACK!
78%
city
78%
right
78%
try
78%
was
78%
boy
77%
go
77%
growing
77%
how
77%
infant
77%
mission
77%
own
77%
someone's
77%
through
77%
way
77%
Cannot
76%
cannot
76%
have
76%
inner
76%
Odysseus: It's
76%
just
76%
more
76%
old
76%
Odysseus: Tell
76%
Zeus: This
76%
this
76%
won't
76%
flank
74%
from
74%
Prince
74%
take
74%
use
74%
wish
74%
with
74%
They're
73%
threat
73%
very
73%
does
72%
foe
72%
goodbye
72%
Neo
72%
run
72%
whole
72%
him
71%
inside
71%
large
71%
only
71%
outrun
71%
strength
71%
Troy's
71%
yourself
71%
Ask
70%
avenger
70%
avoid?
70%
dealt
70%
Odysseus: Diomedes
70%
gates
70%
none
70%
other
70%
pose
70%
rage
70%
raise
69%
secure
69%
sort
69%
Agamemnon
68%
every
68%
Nestor
68%
our
68%
pain
68%
than
68%
Unlike
68%
age
67%
before
67%
end
67%
If
67%
anyone
66%
save
66%
faced
65%
shoot
65%
ambush
64%
consumed
64%
could
64%
left
64%
imminent
59%
mates
59%
far
58%
home
58%
let
57%
Menelaus
56%
All
54%
away
54%
please
54%
Odysseus: Please
54%
burn
53%
gods
52%
fueled
51%
(Zeus): he'll
50%
house
50%
never
50%
send
50%
past
49%
sure
48%
Teucer
48%
Odysseus: Or
47%
Aargh
46%
choose
46%
his
46%
knees
46%
known
46%
blood
45%
ya
45%
hands
44%
throne
44%
begging
43%
whose
42%
something
41%
wherever
40%
lose
38%
Zeus: Oh
36%
bleed
33%
Odysseus: I'd
33%
rather
30%
down
28%
bringing
15%
No matching quizzes found
Score Distribution
Percent of People with Each Score
Percentile by Number Answered
Your Score History
You have not taken this quiz